Library Banner

The emergence of the armenian question 1678-1914 / (Record no. 100189)

MARC details
000 -LEADER
fixed length control field 00435nam a22001577a 4500
005 - DATE AND TIME OF LATEST TRANSACTION
control field 20171122114437.0
008 - FIXED-LENGTH DATA ELEMENTS--GENERAL INFORMATION
fixed length control field 171122b xxu||||| |||| 00| 0 eng d
020 ## - INTERNATIONAL STANDARD BOOK NUMBER
International Standard Book Number 9786056550645
040 ## - CATALOGING SOURCE
Transcribing agency PK-LaUMT
082 ## - DEWEY DECIMAL CLASSIFICATION NUMBER
Classification number TRC 956.62
Item number SEY-E
100 ## - MAIN ENTRY--PERSONAL NAME
Personal name Seyit Sertcelik
245 ## - TITLE STATEMENT
Title The emergence of the armenian question 1678-1914 /
Statement of responsibility, etc Seyit Sertcelik
260 ## - PUBLICATION, DISTRIBUTION, ETC. (IMPRINT)
Place of publication, distribution, etc Ankara :
Name of publisher, distributor, etc Srt. Yayinlari,
Date of publication, distribution, etc 2016
300 ## - PHYSICAL DESCRIPTION
Extent 471 p.
942 ## - ADDED ENTRY ELEMENTS (KOHA)
Koha item type Turkish Collection
Holdings
Withdrawn status Lost status Damaged status Home library Current library Date acquired Full call number Barcode Date last seen Price effective from Koha item type
      UMT Main Campus UMT Main Campus 2017-11-22 TRC 956.62 SEY-E 116025 2017-11-22 2017-11-22 Turkish Collection